Movies Quiz

Random Movies or Minefield Quiz

I, Me, We and You Movie Sorting Blitz Quiz Stats

 Plays Quiz Updated Jun 20, 2016

Challenge
Share
Tweet
Embed
Score 0/40 Timer 04:00
1 Play Today
% Correct
???
52.8%
???
52.1%
???
51%
???
50.4%
???
50.2%
???
49.1%
???
48.9%
???
48.8%
???
48.4%
???
48.1%
???
47.7%
???
47.2%
???
47.1%
???
46.1%
???
45.5%
???
45.3%
???
44%
???
43%
???
42.9%
???
42.9%
% Correct
???
42.8%
???
42.1%
???
40.9%
???
40.1%
???
39.3%
???
38.5%
???
38.1%
???
38.1%
???
38.1%
???
38.1%
???
37.4%
???
37.1%
???
36.3%
???
34.8%
???
33%
???
32.5%
???
32.4%
???
31.7%
???
30.3%
???
27.3%

You're not logged in!

Compare scores with friends on all Sporcle quizzes.
Join for Free
OR
Log In

You Might Also Like...

Show Comments

Extras

Top Quizzes Today


Score Distribution

Your Account Isn't Verified!

In order to create a playlist on Sporcle, you need to verify the email address you used during registration. Go to your Sporcle Settings to finish the process.

Report this User

Report this user for behavior that violates our Community Guidelines.

Details: